000 00267nam a2200097Ia 4500
008 240331s9999 xx 000 0 und d
082 _bDEV
100 _aSLFI. ed
245 0 _aDevolution Proposals :
_baway forward- a summary of the proceedings of the seminar
942 _cL
999 _c2867
_d2867